000 00427nam a22001697a 4500
003 UA-OsUOA
001 1422
007 ta
008 20050721b un ||||| |||| 00| 0 ukr d
100 _aАндреева
700 _aИ. С.
942 _cBK
040 _aUA-OsUOA
_cUA-OsUOA
_dUA-OsUOA
245 _aИследования Классической Немецкой Философии
_bGerman
955 _a2
650 7 _2UDC
999 _c287584
_d287584